| 000 | 01927nam a2200517 i 4500 | ||
|---|---|---|---|
| 001 | DIGMONTE0110 | ||
| 003 | NyNyDIG | ||
| 006 | m o d | ||
| 008 | 210420s2018 sp o 000 f spa d | ||
| 007 | cr ||||||||||| | ||
| 035 | _a(OCoLC)1247940452 | ||
| 040 |
_aDGITA _beng _erda _epn _cDGITA |
||
| 020 | _z9788416995905 | ||
| 020 | _z8416995907 | ||
| 041 | 1 |
_aspa _heng |
|
| 043 | _ae-uk-en | ||
| 050 | 1 | 4 | _aPR4556.A6 ebook |
| 082 | 0 | 4 |
_a823.8 _aFic |
| 100 | 1 |
_aDickens, Charles, _d1812-1870, _eauthor. |
|
| 240 | 1 | 0 |
_aBleak house. _lSpanish _s(Crespo Fernández) |
| 245 | 1 | 0 |
_aCasa desolada / _cCharles Dickens ; traducción de José Luis Crespo Fernández. |
| 264 | 1 |
_a[Vilassar de Dalt, Spain] : _bMontesinos, _c[2018] |
|
| 300 | _a1 online resource. | ||
| 336 |
_atext _btxt _2rdacontent |
||
| 337 |
_acomputer _bc _2rdamedia |
||
| 338 |
_aonline resource _bcr _2rdacarrier |
||
| 347 |
_atext file _2rdaft |
||
| 347 | _bPDF | ||
| 588 | 0 | _aOnline resource; title from PDF title page (Digitalia, viewed April 20, 2021) | |
| 650 | 0 |
_aYoung women _vFiction. |
|
| 650 | 0 |
_aGuardian and ward _vFiction. |
|
| 650 | 0 |
_aIllegitimate children _vFiction. |
|
| 650 | 0 |
_aInheritance and succession _vFiction. |
|
| 651 | 0 |
_aLondon (England) _vFiction. |
|
| 655 | 7 |
_aDomestic fiction. _2lcgft |
|
| 655 | 7 |
_aLegal fiction (Literature) _2lcgft |
|
| 655 | 7 |
_aBildungsromans. _2lcgft |
|
| 655 | 0 | _aElectronic books. | |
| 700 | 1 |
_aCrespo Fernández, José Luis, _etranslator. |
|
| 791 | 2 |
_aDigitalia (Firm), _edistributor. |
|
| 793 | 0 |
_gDigitalia eBook Collection: _aEditorial Montesinos |
|
| 776 | 0 | 8 |
_iPrint version: _aDickens, Charles, 1812-1870. _sBleak house. Spanish (Crespo Fernández). _tCasa desolada. _d[Vilassar de Dalt, Spain] : Montesinos, [2018] _z9788416995905 |
| 856 | 4 | 0 |
_3Digitalia Hispánica _uhttps://www.digitaliapublishing.com/a/60002/ |
| 910 | _aPremium collection: 2021 | ||
| 942 | _cRAA | ||
| 999 |
_c256701 _d256701 |
||